000 00579cas a2200181u 4500
999 _c17019
_d17019
005 20180629125216.0
008 881206b1989 ck u 0 0 0spa
040 _aDLC
_cCarP
_dDLC
_dCO-BoIAVH
041 0 _aspa
044 _ack
090 _aSE
245 0 0 _aNovedades colombianas.
260 _aPopayƔn (Colombia) :
_bEditorial Universidad del Cauca,
_c1989-.
300 _billustraciones ;
_c25 cm.
650 2 6 _aHistoria natural
_zColombia.
_vPublicaciones periódicas
710 2 _aUniversidad del Cauca.
_bMuseo de Historia Natural.
942 _2z
_cREVISTA